Prueba comparativa de los métodos de sintonización de controladores del tipo PID-IMC
Gardado en:
| Autor Principal: | |
|---|---|
| Formato: | Libro |
| Publicado: |
[San José, C.R.]
2003
|
| Materias: | |
| Etiquetas: |
Engadir etiqueta
Sen Etiquetas, Sexa o primeiro en etiquetar este rexistro!
|
MARC
| LEADER | 00000nam a2200000Ia 4500 | ||
|---|---|---|---|
| 003 | 009207 | ||
| 005 | 20221231144146.0 | ||
| 008 | 140114s2003 cr a m 000 ||s d | ||
| 040 | |c cru CEDI | ||
| 090 | |a TFG 4746 | ||
| 100 | |a Moreno Urbina, Harold Daniel |9 6891 | ||
| 245 | |a Prueba comparativa de los métodos de sintonización de controladores del tipo PID-IMC | ||
| 260 | |c 2003 |a [San José, C.R.] | ||
| 300 | |a xi, 94 hojas : ilustraciones | ||
| 500 | |a Proyecto de graduación (bachillerato en ingeniería eléctrica)--Universidad de Costa Rica. Facultad de Ingeniería. Escuela de Ingeniería Eléctrica | ||
| 650 | |x CONTROL AUTOMATICO |x CONTROLADORES PID |9 6892 | ||
| 942 | |c TFG | ||
| 999 | |c 17735 |d 17735 | ||
